Statistics for Pokémon that Start with B

Click here to take the quiz!

General Stats

  • This quiz has been taken 1,780 times
    (917 since last reset)
  • The average score is 26 of 48

Answer Stats

GenAnswer% Correct
IBulbasaur
81%
IBeedrill
77%
IBlastoise
76%
IButterfree
71%
IIIBagon
68%
IIIBeldum
66%
IVBuneary
66%
IVBidoof
64%
IVBastiodon
63%
IIBayleef
63%
IVBibarel
63%
IIIBanette
63%
IIIBeautifly
61%
IVBurmy
61%
IIBellossom
61%
IBellsprout
61%
VBasculin
59%
IIIBaltoy
59%
IIIBlaziken
57%
VIBarbaracle
57%
VIBinacle
56%
IVBuizel
55%
IIIBreloom
55%
IIIBarboach
55%
VIBunnelby
54%
IVBudew
54%
VIBraixen
52%
IVBronzong
52%
IVBronzor
52%
VBeartic
52%
IVBonsly
48%
VBraviary
48%
VBouffalant
47%
IIBlissey
47%
VBoldore
45%
VBlitzle
44%
VBisharp
42%
VIIBrionne
42%
VIIBuzzwole
41%
VIIBruxish
41%
VIIIBarraskewda
40%
VIIBlacephalon
40%
VBeheeyem
37%
VIIBewear
35%
VIIIBlipbug
34%
VIBergmite
33%
VIIBounsweet
29%
VIIIBoltund
23%

Score Distribution

Percentile by Number Answered

Percent of People with Each Score

Your Score History

You have not taken this quiz since the last reset